| 000 | 00749nam a2200229Ia 4500 | ||
|---|---|---|---|
| 001 | 16687 | ||
| 003 | GE_BSU | ||
| 008 | 181216s||||||||xx |||||||||||||| ||und|| | ||
| 040 | _cGE_BSU | ||
| 080 | _a821.161.1-32 | ||
| 100 | _aკიჩაკოვი, ივანე | ||
| 245 | _aთოვლის კაცი | ||
| 245 | _bმოთხრობა | ||
| 245 | _cთარგმნა რ. სურმანიძემ. რედ. რ. ართილაყვა. მხ. ა.ასლანოვა | ||
| 260 | _aბათუმი | ||
| 260 | _bსაბჭ. აჭარა | ||
| 260 | _c1969 | ||
| 300 | _a107გვ. ; 16სმ | ||
| 653 | _aთოვლის კაცი | ||
| 653 | _aმოთხრობა | ||
| 942 | _cBK | ||
| 999 |
_c49752 _d49752 |
||